00836nam a22002411 450000100060000000300080000600500170001400800390003103500190007003500190008904000290010804100080013708200270014510000360017224500930020826000380030130000260033950400360036565000250040194200120042699900170043895201390045517229BD-RjUL20211209000116.0140216s1961 nyn b 000 1 eng a(BD-RjUL)17287 a(OCoLC)1524660 aDLCcMoWgWdBD-RjULbeng aeng042 20a808.831bJAF 19611 aJames, Henryd1843-1916.95311710aFifteen short stories /cHenry James, Edited and with an introd. by Morton Dauwen Zabel. aNew York :bBantam Books,cc1961. axxx, 476 p. ;c18 cm. aInclude bibliography and index. aShort stories953118 2ddccBK c17229d17229 00102ddc40718FICaRUCLbRUCLcReadingd2063-03-04eZetlingerg81.00l0o808.831 JAF 1961r2014-02-16 00:00:00tC-1w2014-02-16yBK